00741nam a2200181 a 450000100100000000500170001000800410002704000250006808200130009310000280010624500880013426000380022230000210026050000320028195201170031395201120043099900170054200003696020200930080041.0120207s1973 xxu 000 0 spa d aDO-SdBNPbspacBNPHU axxxbxxx1 aMccoy, Donald R.96335010aComing of age :bthe United States during the 1920`s and 1930`s /cDonald R. Mccoy. aMaryland :bPenguin Books,c1973. a364 p. ;c19 cm. aBibliografía : p. 335-364 001054708MOaGRbGRcCTd2012-02-07iLF1l0oxxx xxxp36960-10r2020-06-25w2020-06-25y4ZPréstamo en sala 0010507-18MOaGRbGRcOId2012-02-07iLF1l0oxxx xxxp36961-10r2020-06-25w2020-06-25y1ZNo se presta c36450d36450